000 00599nam a2200169 i 4500
001 78461
003 ES-MaACL
005 20230906173717.0
007 t|
008 041014s1966 sp ||||1| spa d
100 1 _aHaggard, Howard W.
_961456
245 1 0 _aDiablos, drogas y doctores
_b: historia de la ciencia de sanar desde el curandero hasta el doctor actual /
_cHoward W. Haggard ; traducción por Juan Villar Palsí.
260 _a[Madrid] :
_bAguilar,
_c[1966]
300 _aVIII, 403 p. :
_bil. ;
_c21 cm.
700 1 _aVillar Palasí, Juan.
_9115098
852 _aES-MaACL
_jC-30499
_bR.60953
999 _c78461
_d78461